| 000 | 06277cam a22019214i 4500 | ||
|---|---|---|---|
| 003 | PE-LiUPU | ||
| 005 | 20250813165428.0 | ||
| 008 | 150706s2006 sp a rb 000 0 spa d | ||
| 020 | _a8420010103 | ||
| 020 | _a9788420010106 | ||
| 035 | _a(Sirsi) i9788420010106 | ||
| 040 |
_aPE-LiUPU _bspa _cPE-LiUPU _erda |
||
| 041 | 1 |
_aspa _heng |
|
| 049 | _aPRUA | ||
| 082 | 0 | 4 |
_a664.07 _bH45 _221 |
| 110 | 2 | _aASQ Food, Drug, and Cosmetic Division. | |
| 245 | 1 | 0 |
_aHACCP : _bmanual del auditor de calidad / _cASQ Food, Drug, and Cosmetic Division ; traducción de Blas Borde Lecona. |
| 264 | 1 |
_aZaragoza, España : _bAcribia, _c2006. |
|
| 300 |
_axii, 266 páginas : _bilustraciones ; _c24 centímetros |
||
| 336 |
_atext _2rdacontent |
||
| 337 |
_aunmediated _2rdamedia |
||
| 338 |
_avolume _2rdacarrier |
||
| 500 | _aIncluye manual del auditor de calidad, suplemento. | ||
| 504 | _aIncluye bibliografía. | ||
| 505 | 0 | _aIntroducción al HACCP -- Historia y repaso del HACCP: métodos antiguos y modernos de conservación de los alimentos -- Requisitos para desarrollar el plan HACCP -- Principios del HACCP -- Principio 1 realizar el análisis de peligros -- Principio 2 establecer los puntos de control críticos -- Principio 3 Establecer los límites críticos -- Principio 4 establecer el sistema de vigilancia -- Principio 5 establecer las acciones correctoras -- Principio 6 establecer el procedimiento de verificación -- Principio 7 establecer el sistema de registro de datos y los procedimientos de documentación -- Implantando el HACCP -- Implantación y mantenimiento del HACCP -- Aplicación del HACCP a la industria productora de alimentos -- La industria alimentaria en general -- Los requisitos previos y la seguridad alimentaria -- Carne y aves -- Productos de la pesca -- Productos lácteos -- Fruta y vegetales -- Venta al por menor y servicio de comidas -- Aplicación del HACCP a la industria de aparatos médicos. | |
| 526 | _aP203 | ||
| 526 | _aP200 | ||
| 526 | _aSEG65 | ||
| 526 | _aSEG64 | ||
| 526 | _aSEG63 | ||
| 526 | _aSEG62 | ||
| 526 | _aSEG61 | ||
| 526 | _aSEG60 | ||
| 526 | _aSEG59 | ||
| 526 | _aSEG58 | ||
| 526 | _aSEG57 | ||
| 526 | _aSEG56 | ||
| 526 | _aSEG55 | ||
| 526 | _aSEG54 | ||
| 526 | _aSEG53 | ||
| 526 | _aSEG52 | ||
| 526 | _aSEG51 | ||
| 526 | _aSEG50 | ||
| 526 | _aSEG49 | ||
| 526 | _aSEG48 | ||
| 526 | _aSEG47 | ||
| 526 | _aSEG46 | ||
| 526 | _aSEG24 | ||
| 526 | _aSEG23 | ||
| 526 | _aSEG22 | ||
| 526 | _aSEG21 | ||
| 526 | _aSEG20 | ||
| 526 | _aSEG19 | ||
| 526 | _aSEG18 | ||
| 526 | _aSEG17 | ||
| 526 | _aSEG16 | ||
| 526 | _aSEG14 | ||
| 526 | _aSEG13 | ||
| 526 | _aSEG12 | ||
| 526 | _aSEG11 | ||
| 526 | _aSEG10 | ||
| 526 | _aSEG09 | ||
| 526 | _aSEG06 | ||
| 526 | _aSEG05 | ||
| 526 | _aSEG04 | ||
| 526 | _aSEG03 | ||
| 526 | _aSEG02 | ||
| 526 | _aSEG68 | ||
| 526 | _aSEG66 | ||
| 526 | _aSEG45 | ||
| 526 | _aSEG25 | ||
| 526 | _aSEG01 | ||
| 526 | _aP163 | ||
| 526 | _aP162 | ||
| 526 | _aP161 | ||
| 526 | _aP160 | ||
| 526 | _aP159 | ||
| 526 | _aP158 | ||
| 526 | _aP157 | ||
| 526 | _aP156 | ||
| 526 | _aP155 | ||
| 526 | _aP154 | ||
| 526 | _aP153 | ||
| 526 | _aP152 | ||
| 526 | _aP151 | ||
| 526 | _aP150 | ||
| 526 | _aP149 | ||
| 526 | _aP142 | ||
| 526 | _aP141 | ||
| 526 | _aP140 | ||
| 526 | _aP139 | ||
| 526 | _aP138 | ||
| 526 | _aP137 | ||
| 526 | _aP132 | ||
| 526 | _aP131 | ||
| 526 | _aP130 | ||
| 526 | _aP126 | ||
| 526 | _aP125 | ||
| 526 | _aP124 | ||
| 526 | _aP123 | ||
| 526 | _aP115 | ||
| 526 | _aP122 | ||
| 526 | _aP121 | ||
| 526 | _aP116 | ||
| 526 | _a P114 | ||
| 526 | _aP112 | ||
| 526 | _aP111 | ||
| 526 | _aP104 | ||
| 526 | _aP103 | ||
| 526 | _aP102 | ||
| 526 | _aP101 | ||
| 526 | _aP100 | ||
| 526 | _aP96 | ||
| 526 | _aP95 | ||
| 526 | _aP93 | ||
| 526 | _aP92 | ||
| 526 | _aP91 | ||
| 526 | _aP88 | ||
| 526 | _aP83 | ||
| 526 | _aP82 | ||
| 526 | _aP79 | ||
| 526 | _aP78 | ||
| 526 | _aP75 | ||
| 526 | _aP74 | ||
| 526 | _aP71 | ||
| 526 | _aP69 | ||
| 526 | _a P51 | ||
| 526 | _aP49 | ||
| 526 | _aP48 | ||
| 526 | _aP47 | ||
| 526 | _aP33 | ||
| 526 | _aP31 | ||
| 526 | _a P30 | ||
| 526 | _aP29 | ||
| 526 | _aP27 | ||
| 526 | _aP26 | ||
| 526 | _aP25 | ||
| 526 | _aP24 | ||
| 526 | _a P22 | ||
| 526 | _aP10 | ||
| 526 | _aP09 | ||
| 526 | _a P08 | ||
| 526 | _aP06 | ||
| 526 | _aP05 | ||
| 526 | _aP04 | ||
| 526 | _aP01 | ||
| 534 |
_pTítulo original : _tCertifiied quality auditor's HACCP handbook |
||
| 541 | _g001-0035682; | ||
| 650 | 0 | 4 | _aControl de alimentos. |
| 700 | 1 |
_aBorde Lecona, Blas, _etraductor. |
|
| 910 | _agl20120725 | ||
| 942 |
_2ddc _cBOOK |
||
| 949 |
_a664.07 H45 2006 _wDEWEY _c1 _i65229 _d2015-10-28 _e2015-10-27 _lCCODEBUL1 _mBUL _n2 _p50.00 _r0 _sY _tBOOK _u2015-7-6 _xINGENIERIA _PP26 _0COMPRA _o.STAFF. Colección General |
||
| 949 |
_a664.07 H45 _wDEWEY _c1 _i53731 _lCCODEBUL1 _mBUL _p15.00 _r0 _sY _tBOOK _u2015-6-25 _xFCE _zUNKNOWN _0COMPRA _o.STAFF. Colección General |
||
| 949 |
_a664.07 H45 _wDEWEY _c2 _i61409 _d2015-12-1 _e2015-11-30 _lCCODEBUL1 _mBUL _n1 _p73.00 _r0 _sY _tBOOK _u2015-6-25 _xINGENIERIA _PP26 _0COMPRA _o.STAFF. Colección General |
||
| 949 |
_a664.07 H45 _wDEWEY _c3 _i71398 _d2016-8-25 _e2016-8-24 _lCCODEBUL1 _mBUL _n1 _p40.61 _r0 _sY _tBOOK _u2015-6-2 _xINGENIERIA _PP26 _0COMPRA _o.STAFF. Colección general |
||
| 994 |
_aC0 _bPEPRU |
||
| 596 | _a1 | ||
| 999 |
_a664.07 H45 _wDEWEY _c19983 _i53731 _d19983 _e2019-11-8 _f2021-11-5 _g7 _lCCODEBUL1 _mBUL _n5 _p15.00 _q1 _r0 _sY _tBOOK _u2015-6-25 _xBIBLIOTECA _zUNKNOWN _0COMPRA _o.STAFF. Colección General |
||
| 999 |
_a664.07 H45 _wDEWEY _c2 _i61409 _d2018-11-13 _e2018-6-4 _f2021-11-5 _g8 _lCCODEBUL1 _mBUL _n7 _p73.00 _q1 _r0 _sY _tBOOK _u2015-6-25 _xBIBLIOTECA _PP26 _0COMPRA _o.STAFF. Colección General |
||
| 999 |
_a664.07 H45 _wDEWEY _c3 _i71398 _d2019-11-24 _e2019-10-31 _f2021-11-5 _g8 _lCCODEBUL1 _mBUL _n5 _p40.61 _q8 _r0 _sY _tBOOK _u2015-6-2 _xBIBLIOTECA _PP26 _0COMPRA _o.STAFF. Colección general |
||
| 999 |
_a664.07 H45 2006 _wDEWEY _c1 _i65229 _d2019-11-6 _e2019-11-6 _f2021-11-9 _g7 _lCCODEBUL1 _mBUL _n22 _p50.00 _q6 _r0 _sY _tBOOK _u2015-7-6 _xINGENIERIA _PP26 _0COMPRA _o.STAFF. Colección General |
||
| 980 |
_81 _gALBERTO SANCHEZ Responsable de Automatización |
||